[Event "ASEAN-ch U14 14th"]
[Site "Chiangmai"]
[Date "2013.06.12"]
[Round "7"]
[White "Ho, Jei Chen"]
[Black "Tan, Tze Lin Tommy"]
[Result "1/2-1/2"]
[WhiteElo "1593"]
[BlackElo "1700"]
[PlyCount "160"]
[EventDate "2013.06.08"]
[EventType "swiss"]
[EventRounds "9"]
[EventCountry "THA"]
[SourceTitle "EXT 2014"]
[Source "ChessBase"]
[SourceDate "2013.11.20"]
[SourceVersion "1"]
[SourceVersionDate "2013.11.20"]
[SourceQuality "1"]

1. d4 Nf6 2. c4 e6 3. Nc3 Bb4 4. Qc2 0-0 5. Nf3 c5 6. dxc5 Na6 7. e3 Qa5 8. Bd2 Nxc5 9. Be2 d5 10. 0-0 Nce4 11. Nxe4 Nxe4 12. Bxb4 Qxb4 13. Bd3 Nf6 14. c5 Bd7 15. a3 Qa5 16. b4 Qc7 17. Qc3 b6 18. Rac1 bxc5 19. Qxc5 Qxc5 20. bxc5 Rac8 21. Rc3 Ne4 22. Bxe4 dxe4 23. Ne5 Bc6 24. h3 Rfd8 25. Rb1 f6 26. Nxc6 Rxc6 27. Rb7 Rd1+ 28. Kh2 Rd3 29. Rc4 Rxa3 30. Rxe4 e5 31. Reb4 Rxc5 32. Rd7 Rc8 33. Rbb7 a5 34. Rxg7+ Kh8 35. Rxh7+ Kg8 36. Rbg7+ Kf8 37. Rd7 Kg8 38. Rhf7 Rc6 39. Rg7+ Kf8 40. Rdf7+ Ke8 41. Ra7 Kf8 42. Rgb7 Rc8 43. Rf7+ Kg8 44. Rxf6 Ra2 45. Re6 a4 46. Rxe5 a3 47. Rf5 Kh8 48. Rg5 Rc3 49. Ra4 Rc7 50. Ra8+ Kh7 51. Ra4 Kh6 52. Rg3 Rc5 53. e4 Rxf2 54. Raxa3 Re5 55. Rae3 Rf4 56. Rg4 Rxg4 57. hxg4 Kg6 58. Kg3 Kg5 59. Kf3 Re8 60. e5 Rf8+ 61. Ke4 Kxg4 62. Rf3 Ra8 63. Rd3 Ra4+ 64. Rd4 Ra6 65. Rd6 Ra1 66. Rg6+ Kh5 67. Rg3 Kh4 68. Re3 Kg5 69. e6 Kf6 70. Kf3 Ke7 71. g4 Rf1+ 72. Kg3 Rf6 73. g5 Rxe6 74. Rxe6+ Kxe6 75. Kh4 Kf7 76. Kh5 Kg7 77. g6 Kg8 78. Kg5 Kg7 79. Kf5 Kg8 80. Kf6 Kf8 1/2-1/2

[Event "Penang op 4th"]
[Site "Penang"]
[Date "2012.12.11"]
[Round "2"]
[White "Ramone, Mikgail Kok"]
[Black "Tan, Tze Lin Tommy"]
[Result "0-1"]
[WhiteElo "1869"]
[BlackElo "1631"]
[PlyCount "117"]
[EventDate "2012.12.11"]
[EventType "swiss"]
[EventRounds "9"]
[EventCountry "MAS"]
[SourceTitle "EXT 2014"]
[Source "ChessBase"]
[SourceDate "2013.11.20"]
[SourceVersion "1"]
[SourceVersionDate "2013.11.20"]
[SourceQuality "1"]

1. e4 c5 2. Nf3 e6 3. d3 Qc7 4. g3 d6 5. Bg2 Nf6 6. 0-0 Nbd7 7. Nbd2 b5 8. Re1 Bb7 9. a4 a6 10. Qe2 Be7 11. axb5 axb5 12. Rxa8+ Bxa8 13. d4 Qb6 14. e5 dxe5 15. dxe5 Nd5 16. Ne4 0-0 17. Bg5 Bxg5 18. Nexg5 h6 19. Ne4 c4 20. h4 Nc5 21. Nxc5 Qxc5 22. c3 Nb6 23. Qe3 Qxe3 24. Rxe3 Na4 25. Nd4 Bxg2 26. Kxg2 Rb8 27. Re2 Rb6 28. Re1 b4 29. cxb4 Rxb4 30. Rc1 Nxb2 31. Nc6 Ra4 32. Rc2 Nd3 33. Kf1 Kf8 34. Ke2 Ke8 35. f4 Kd7 36. Nd4 Kc7 37. Nb5+ Kc6 38. Nd6 Kd5 39. Nxf7 Rb4 40. Nd6 Kd4 41. Ne8 g6 42. Ng7 Rb6 43. Kd2 Nc5 44. Ke2 Ne4 45. g4 c3 46. f5 gxf5 47. gxf5 Ng3+ 48. Kf3 Nxf5 49. Nxf5+ exf5 50. Kf4 Rb5 51. Kxf5 Rxe5+ 52. Kg6 Re6+ 53. Kh7 Kd3 54. Rg2 c2 55. Rg3+ Kd2 56. Rg2+ Kc3 57. Rg3+ Kb2 58. Rg6 Rxg6 59. Kxg6 0-1

[Event "Asia Cities-ch 17th"]
[Site "Jakarta"]
[Date "2011.04.22"]
[Round "1.4"]
[White "Tan, Tze Lin Tommy"]
[Black "Mahjoob, Morteza"]
[Result "0-1"]
[WhiteElo "1704"]
[BlackElo "2487"]
[PlyCount "62"]
[EventDate "2011.04.22"]
[EventType "team-swiss"]
[EventRounds "9"]
[EventCountry "INA"]
[SourceTitle "CBM 142 Extra"]
[Source "ChessBase"]
[SourceDate "2011.06.27"]
[SourceVersion "1"]
[SourceVersionDate "2011.06.27"]
[SourceQuality "1"]
[WhiteTeam "Singapore"]
[BlackTeam "Tehran"]
[WhiteTeamCountry "SIN"]
[BlackTeamCountry "IRI"]

1. d4 Nf6 2. Bg5 Ne4 3. h4 h6 4. Bf4 Nc6 5. e3 d5 6. c4 e5 7. Bxe5 Bb4+ 8. Ke2 Bg4+ 9. Nf3 dxc4 10. Bf4 Qe7 11. a3 Ba5 12. g3 0-0-0 13. d5 Nf6 14. Bh3 Bxh3 15. Rxh3 Rxd5 16. Qc2 Qe6 17. Rh1 Qg4 18. Rd1 Rxd1 19. Qxd1 g5 20. hxg5 hxg5 21. Qg1 gxf4 22. gxf4 Nd4+ 23. exd4 Re8+ 24. Kd1 Qxf3+ 25. Kc1 Re1+ 26. Qxe1 Bxe1 27. Nd2 Bxd2+ 28. Kxd2 Ne4+ 29. Kc2 Qd3+ 30. Kc1 Nxf2 31. b4 c3 0-1